000 00410nam a2200193Ia 4500
001 11747
003 GE_BSU
008 181216s||||||||xx |||||||||||||| ||und||
040 _cGE_BSU
080 _a821.111-32
100 _aRoche,Mazo De La
245 _aMary Wakefield
260 _aLondon
260 _bPan Books LTD
260 _c1966
300 _a266p.18cm.
653 _aMary Wakefield
942 _cBK
999 _c44926
_d44926